El derecho de petición en México (Record no. 153834)

MARC details
000 -LEADER
fixed length control field nam a22 7a 4500
005 - DATE AND TIME OF LATEST TRANSACTION
control field 20200123113309.0
008 - FIXED-LENGTH DATA ELEMENTS--GENERAL INFORMATION
fixed length control field 200123b mx ||||| |||| 00| 0 spa d
020 ## - INTERNATIONAL STANDARD BOOK NUMBER
International Standard Book Number 9703216919
050 04 - LIBRARY OF CONGRESS CALL NUMBER
Classification number KGF3019
Item number C54 2004
100 1# - MAIN ENTRY--PERSONAL NAME
Personal name Cienfuegos Salgado, David
245 13 - TITLE STATEMENT
Title El derecho de petición en México
Statement of responsibility, etc / David Cienfuegos Salgado ; prólogo de Jesús González Pérez.
250 ## - EDITION STATEMENT
Edition statement 1. ed.
260 ## - PUBLICATION, DISTRIBUTION, ETC. (IMPRINT)
Place of publication, distribution, etc Mexico :
Name of publisher, distributor, etc Universidad Nacional Autónoma de México,
Date of publication, distribution, etc 2004.
300 ## - PHYSICAL DESCRIPTION
Extent xxi, 305 p. ;
Dimensions 22 cm.
490 0# - SERIES STATEMENT
Series statement Doctrina Jurídica ;
Volume number/sequential designation 182
504 ## - BIBLIOGRAPHY, ETC. NOTE
Bibliography, etc Bibliografía : p. 297-305
650 #7 - SUBJECT ADDED ENTRY--TOPICAL TERM
Topical term or geographic name as entry element Petición, derecho
Geographic subdivision México
700 1# - ADDED ENTRY--PERSONAL NAME
Personal name González Pérez, Jesús,
Relator term prólogo
942 ## - ADDED ENTRY ELEMENTS (KOHA)
Source of classification or shelving scheme Biblioteca del Cogreso de los Estados Unidos
Koha item type Libro
Holdings
Estado de pérdida Fuente de clasificación Estado del daño No para préstamo Ubicación permanente Ubicación actual Apartado o colección Fecha de adquisición Edición Área del conocimiento Clasificación Código de Barras Date last seen Número de copia Costo por reposición Tipo de recurso
  Biblioteca del Cogreso de los Estados Unidos     Biblioteca del Posgrado en Derecho Biblioteca del Posgrado en Derecho Colección Ernesto Villanueva 23/01/2020 1a ed. Ciencias Sociales y Administrativas KGF3019 C54 2004 BPD000001317 23/01/2020 C : 1 1.00 Libro